| Tag |
First Indicator |
Second Indicator |
Subfields |
| LEADER |
00000ctm a2200000Ia 4500 |
| 001 |
in00001586607 |
| 005 |
20151022131827.0 |
| 007 |
hd afa---bccu |
| 007 |
hd bfa---baau |
| 007 |
hd bfa---babu |
| 008 |
010122s1939 xx a ab 000 0 eng d |
| 035 |
|
|
|a (OCoLC)ocm45762090
|
| 037 |
|
|
|a USAIN TX SL AG 352
|b TXA
|f microfilm
|
| 040 |
|
|
|a TXA
|c TXA
|d UtOrBLW
|
| 049 |
|
|
|a TXAM
|
| 090 |
|
|
|a S117
|b .U8 reel 352.2
|
| 100 |
1 |
|
|a Scharnberg, Curtis Roudolph,
|d 1910-
|
| 245 |
1 |
4 |
|a The effect of feeding cottonseed hulls and meal on some of the physical and chemical properties of butter /
|c by Curtis Roudolph Scharnberg.
|
| 264 |
|
1 |
|a [Place of publication not identified] :
|b [publisher not identified] ;
|c 1939.
|
| 300 |
|
|
|a 36 leaves :
|b illustrations
|
| 336 |
|
|
|a text
|b txt
|2 rdacontent
|
| 337 |
|
|
|a microform
|b h
|2 rdamedia
|
| 338 |
|
|
|a microfilm reel
|b hd
|2 rdacarrier
|
| 502 |
|
|
|b M.S.
|c Agricultural and Mechanical College of Texas
|d 1939.
|
| 504 |
|
|
|a Includes bibliographical references (leaves 33-36).
|
| 533 |
|
|
|a Microfilm.
|b College Station, Tex. :
|c Microfilmed by Southwest Micropublishing, Inc. on behalf of Texas A&M University General Libraries,
|d 1999.
|e 1 microfilm reel ; 35 mm.
|f (USAIN state and local literature preservation project, Texas ; reel 352.2)
|
| 500 |
|
|
|a Microform.
|
| 650 |
|
0 |
|a Butter.
|
| 650 |
|
0 |
|a Dairy cattle
|x Feeding and feeds.
|
| 776 |
0 |
|
|c Original
|w (OCoLC)05827651
|
| 830 |
|
0 |
|a USAIN state and local literature preservation project, Texas ;
|v reel 352.2.
|
| 948 |
|
|
|a cataloged
|b h
|c 2001/1/22
|d o
|e jspillan
|f 1:36:29 pm
|
| 994 |
|
|
|a E0
|b TXA
|
| 999 |
|
|
|a MARS
|
| 999 |
f |
f |
|s 43f80881-24f1-3764-ac2c-4d462759003c
|i ee324186-0fbc-32b7-bb30-28bc0108ef54
|t 0
|
| 952 |
f |
f |
|p normal
|a Texas A&M University
|b College Station
|c Sterling C. Evans Library
|d Evans: Microforms Film (3rd floor)
|t 0
|e S117 .U8 reel 352
|h Library of Congress classification
|i microform -- microfilm reel
|m A14827023660
|
| 952 |
f |
f |
|a Texas A&M University
|b College Station
|c Sterling C. Evans Library
|d Evans: Microforms Film (3rd floor)
|t 0
|e S117 .U8 reel 352
|h Library of Congress classification
|
| 998 |
f |
f |
|a S117 .U8 reel 352
|t 0
|l Evans: Microforms Film (3rd floor)
|